| LEADER |
00992nam0a2200229 450 |
| 001 |
16851307 |
| 010 |
|
|
|a 978-2-211-04870-5
|d 5
|
| 100 |
|
|
|a 20200701d2011 u u0frey01 ba
|
| 101 |
0 |
|
|a fre
|
| 102 |
|
|
|a FR
|
| 200 |
0 |
|
|a Même les princesses doivent aller à l'école
|f Susie Morgenstern
|g illustrations de Serge Bloch
|
| 207 |
|
1 |
|a
|
| 210 |
|
|
|a Paris
|c Ecole des loisirs
|d 2011
|
| 215 |
|
|
|a 1 vol. (56 p.)
|c Couv. ill. en coul.
|d 19 cm
|
| 225 |
1 |
|
|a Mouche
|x 0988-0364
|
| 300 |
|
|
|a Cet ouvrage fait parti de la liste de l'éducation Nationale. Premières lectures
|
| 330 |
|
|
|a La vie d'Alyestère, une princesse dont la famille s'est installée en HLM. Ravie de sa nouvelle vie, elle se réjouit à l'idée de se faire de nouveaux amis.
|
| 700 |
|
0 |
|a Morgenstern
|b Susie
|f 1945-....
|4 70
|
| 702 |
|
0 |
|a Bloch
|b Serge
|c Illustrateur
|f 1956-....
|4 440
|
| 900 |
|
|
|a Roman (enfants)
|
| 901 |
|
|
|a Jeunesse
|
| 995 |
|
|
|a Médiathèque
|c Médiathèque
|f 089017554
|h 089017554
|k E MOR
|o p
|q j
|r az
|e Médiathèque
|